Mobility and degradation of organic contaminants in subsurface environments / (Record no. 332415)
[ view plain ]
| 000 -LEADER | |
|---|---|
| fixed length control field | 01327pam a2200325 a 4500 |
| 001 - CONTROL NUMBER | |
| control field | 613798 |
| 003 - CONTROL NUMBER IDENTIFIER | |
| control field | NUST |
| 005 - DATE AND TIME OF LATEST TRANSACTION | |
| control field | 20171204104103.0 |
| 008 - FIXED-LENGTH DATA ELEMENTS--GENERAL INFORMATION | |
| fixed length control field | 920123s1992 miua b 001 0 eng |
| 010 ## - LIBRARY OF CONGRESS CONTROL NUMBER | |
| LC control number | 92003838 |
| 020 ## - INTERNATIONAL STANDARD BOOK NUMBER | |
| International Standard Book Number | 0873718003 |
| 040 ## - CATALOGING SOURCE | |
| Original cataloging agency | DLC |
| Transcribing agency | DLC |
| Modifying agency | DLC |
| 050 00 - LIBRARY OF CONGRESS CALL NUMBER | |
| Classification number | TD879.P4 |
| Item number | L964 1992 |
| 082 00 - DEWEY DECIMAL CLASSIFICATION NUMBER | |
| Classification number | 628.55 LYM |
| Edition number | 20 |
| 100 1# - MAIN ENTRY--PERSONAL NAME | |
| Personal name | Lyman, Warren J. |
| 9 (RLIN) | 6913 |
| 245 10 - TITLE STATEMENT | |
| Title | Mobility and degradation of organic contaminants in subsurface environments / |
| Statement of responsibility, etc. | Warren J. Lyman, Patrick J. Reidy, Benjamin Levy. |
| 260 ## - PUBLICATION, DISTRIBUTION, ETC. | |
| Place of publication, distribution, etc. | Chelsea, Mich. : |
| Name of publisher, distributor, etc. | C.K. Smoley, |
| Date of publication, distribution, etc. | c1992. |
| 300 ## - PHYSICAL DESCRIPTION | |
| Extent | v, 395 p. : |
| Other physical details | ill. ; |
| Dimensions | 25 cm. |
| 500 ## - GENERAL NOTE | |
| General note | H.B |
| 504 ## - BIBLIOGRAPHY, ETC. NOTE | |
| Bibliography, etc. note | Includes bibliographical references and index. |
| 650 #0 - SUBJECT ADDED ENTRY--TOPICAL TERM | |
| Topical term or geographic name entry element | Oil pollution of soils. |
| 9 (RLIN) | 6776 |
| 650 #0 - SUBJECT ADDED ENTRY--TOPICAL TERM | |
| Topical term or geographic name entry element | Oil pollution of water. |
| 9 (RLIN) | 6914 |
| 650 #0 - SUBJECT ADDED ENTRY--TOPICAL TERM | |
| Topical term or geographic name entry element | Petroleum products |
| General subdivision | Underground storage |
| -- | Environmental aspects. |
| 9 (RLIN) | 6915 |
| 650 #0 - SUBJECT ADDED ENTRY--TOPICAL TERM | |
| Topical term or geographic name entry element | Oil storage tanks |
| General subdivision | Environmental aspects. |
| 9 (RLIN) | 6916 |
| 650 #0 - SUBJECT ADDED ENTRY--TOPICAL TERM | |
| Topical term or geographic name entry element | Transport theory. |
| 9 (RLIN) | 6917 |
| 700 1# - ADDED ENTRY--PERSONAL NAME | |
| Personal name | Reidy, Patrick J. |
| 9 (RLIN) | 6918 |
| 700 1# - ADDED ENTRY--PERSONAL NAME | |
| Personal name | Levy, Benjamin |
| Fuller form of name | (Benjamin S.) |
| 9 (RLIN) | 6919 |
| 856 42 - ELECTRONIC LOCATION AND ACCESS | |
| Materials specified | Publisher description |
| Uniform Resource Identifier | <a href="http://www.loc.gov/catdir/enhancements/fy0744/92003838-d.html">http://www.loc.gov/catdir/enhancements/fy0744/92003838-d.html</a> |
| 906 ## - LOCAL DATA ELEMENT F, LDF (RLIN) | |
| a | 7 |
| b | cbc |
| c | orignew |
| d | 1 |
| e | ocip |
| f | 19 |
| g | y-gencatlg |
| 942 ## - ADDED ENTRY ELEMENTS (KOHA) | |
| Source of classification or shelving scheme | |
| Koha item type | Book |
| Call number prefix | IESE |
| Withdrawn status | Lost status | Source of classification or shelving scheme | Damaged status | Not for loan | Collection code | Permanent Location | Current Location | Shelving location | Date acquired | Total Checkouts | Full call number | Barcode | Date last seen | Price effective from | Koha item type |
|---|---|---|---|---|---|---|---|---|---|---|---|---|---|---|---|
| Institute of Environmental Science and Engineering (IESE) | Institute of Environmental Science and Engineering (IESE) | General Stacks | 12/04/2017 | 628.55 LYM | IESE-77 | 12/04/2017 | 12/04/2017 | Book |
